Île-Molène - Choix Multiples - Statistiques

Statistiques générales
  • Ce quiz a été pris 14 fois
  • Le résultat moyen est 7 sur 10
Statistiques - réponses
Question Réponse % Correct
Quel est le nom breton de l'île ? Enez Molenez
100%
Quelle caractéristique rend les tempêtes particulièremenent redoutables sur l'Île-Molène ? L'absence d'arbre et de falaise qui laisse le vent frapper directement
85%
Dans quel archipel se situe l'Île-Molène avec Ouessant et les îles environnantes ? Archipel de Molène
77%
Avec quoi les fameuses saucisses de Molène sont-elles fumées ? De l'algue
77%
Quelle ville sur le continant est la plus proche de Molène ? Le Conquet
77%
Quel parc naturel marin Molène se situe-t-elle ? Parc naturel marin d'Iroise
77%
Malheureusement, contre quelle grande équipe perdent-ils en finale de la Coupe de France ? L'Olympique de Marseille
69%
Dans le film "Les Seigneurs" pour quelle raison le Molène FC veut-il remporter la Coupe de France, hormis devenir champion de France ? Pour éviter le rachat par un milliardaire de la conserverie de l'île
69%
Laquelle de ces images, montre le Phare de Kéréon ?
38%
Quel "pont naturel" relie le Ledenez Vraz à Molène, praticable à pied à marée basse ? Un cordon de gallet
31%
Aucun quiz correspondant
Distribution des résultats
% des personnes avec chaque résultat
Percentile par nombre de réponses
Votre historique - résultats
Vous n’avez pas pris ce quiz